| 000 | 00653nam a2200217 4500 | ||
|---|---|---|---|
| 001 | 136749 | ||
| 003 | ES-MaACL | ||
| 005 | 20250713063712.0 | ||
| 007 | t| | ||
| 008 | 070214m19481964sp r ||||1| cat d | ||
| 100 | 1 |
_aSagarra, Josep M. de, _d1894-1961 _9101415 |
|
| 245 | 1 | 0 |
_aObres completes / _cJosep M. de Sagarra. |
| 250 | _a1ยช. ed. | ||
| 260 |
_aBarcelona : _bEd. Selecta, _c1948-1964. |
||
| 300 |
_a3 v. : _b`retr. aut.` ; _c15 cm. |
||
| 490 | 1 |
_aBiblioteca excelsa ; _v3 |
|
| 500 | _aSon los vol. 1,3 y 4. | ||
| 830 | 0 |
_aBiblioteca excelsa ; _v3 _9187051 |
|
| 852 |
_aES-MaACL _jP-331-Ter _bR.26450 |
||
| 999 |
_c136749 _d136749 |
||